<?xml version="1.0" encoding="UTF-8"?>
<collection xmlns="http://www.loc.gov/MARC21/slim">
<record>
  <controlfield tag="001">6197</controlfield>
  <controlfield tag="005">20230126153341.0</controlfield>
  <datafield tag="100" ind1=" " ind2=" ">
    <subfield code="a">Pham, Lê Binh San</subfield>
  </datafield>
  <datafield tag="245" ind1=" " ind2=" ">
    <subfield code="a">"Le Soleil et nous", un livre grand public écrit par un scientifique de l’Observatoire</subfield>
  </datafield>
  <datafield tag="260" ind1=" " ind2=" ">
    <subfield code="c">2022</subfield>
  </datafield>
  <datafield tag="269" ind1=" " ind2=" ">
    <subfield code="c">2022-05-31</subfield>
  </datafield>
  <datafield tag="594" ind1=" " ind2=" ">
    <subfield code="a">NO</subfield>
  </datafield>
  <datafield tag="700" ind1=" " ind2=" ">
    <subfield code="a">Clette, Frédéric</subfield>
  </datafield>
  <datafield tag="856" ind1="0" ind2=" ">
    <subfield code="f">frederic.clette@observatoire.be</subfield>
  </datafield>
  <datafield tag="856" ind1="4" ind2="2">
    <subfield code="a">https://www.astro.oma.be/fr/le-soleil-et-nous-un-livre-grand-public-ecrit-par-un-scientifique-de-lobservatoire/</subfield>
  </datafield>
  <datafield tag="980" ind1=" " ind2=" ">
    <subfield code="a">PRESSREL</subfield>
  </datafield>
</record>
</collection>